Las 7 virtudes. (Record no. 133708)

MARC details
000 -LEADER
campo de control de longitud fija 01470nam a2200397 i 4500
001 - NÚMERO DE CONTROL
campo de control 133708
003 - IDENTIFICADOR DE NÚMERO DE CONTROL
campo de control ES-MaACL
005 - FECHA Y HORA DE LA ÚLTIMA TRANSACCIÓN
campo de control 20250414191424.0
007 - CAMPO FIJO DE DESCRIPCIÓN FÍSICA--INFORMACIÓN GENERAL
campo de control de longitud fija t|
008 - DATOS DE LONGITUD FIJA--INFORMACIÓN GENERAL
campo de control de longitud fija 070827s1931 sp 001 j spa d
080 ## - NÚMERO DE LA CLASIFICACIÓN DECIMAL UNIVERSAL
Número de la Clasificación Decimal Universal 821.134.2-31"19"(082.2)
245 04 - MENCIÓN DEL TÍTULO
Título Las 7 virtudes.
250 ## - MENCION DE EDICION
Mención de edición 1ª ed.
260 ## - PUBLICACIÓN, DISTRIBUCIÓN, ETC.
Lugar de publicación, distribución, etc. Madrid :
Nombre del editor, distribuidor, etc. Espasa Calpe,
Fecha de publicación, distribución, etc. 1931.
300 ## - DESCRIPCIÓN FÍSICA
Extensión 258 p. ;
Dimensiones 19 cm.
505 8# - NOTA DE CONTENIDO CON FORMATO
Nota de contenido con formato Contiene: Antesala / Benjamín Jarnés . La templanza / Valentín Andrés Álvarez . La humildad / César M. Arconada . La castidad / Antonio Botín Polanco . La larguez / José Díaz Fernández . La paciencia / Antonio Espina . La caridad / Ramón Gómez de la Serna . La diligencia / Benjamín Jarnés
650 #4 - PUNTO DE ACCESO ADICIONAL DE MATERIA--TÉRMINO DE MATERIA
Término de materia o nombre geográfico como elemento de entrada Novela española-
Subdivisión cronológica S.XX
9 (RLIN) 15636
700 1# - ENTRADA AGREGADA--NOMBRE PERSONAL
Nombre de persona Jarnés, Benjamín,
Fechas asociadas al nombre 1888-1949
9 (RLIN) 154398
700 1# - ENTRADA AGREGADA--NOMBRE PERSONAL
Nombre de persona Andrés Álvarez, Valentín,
Fechas asociadas al nombre 1891-1982
9 (RLIN) 174884
700 1# - ENTRADA AGREGADA--NOMBRE PERSONAL
Nombre de persona Arconada, César M.,
Fechas asociadas al nombre 1898-1964
9 (RLIN) 142239
700 1# - ENTRADA AGREGADA--NOMBRE PERSONAL
Nombre de persona Botín Polanco, Antonio.
9 (RLIN) 30786
700 1# - ENTRADA AGREGADA--NOMBRE PERSONAL
Nombre de persona Díaz Fernández, José.
9 (RLIN) 44277
700 1# - ENTRADA AGREGADA--NOMBRE PERSONAL
Nombre de persona Espina, Antonio,
Fechas asociadas al nombre 1894-1972
9 (RLIN) 47833
700 1# - ENTRADA AGREGADA--NOMBRE PERSONAL
Nombre de persona Gómez de la Serna, Ramón,
Fechas asociadas al nombre 1888-1963
9 (RLIN) 57901
740 02 - ENTRADA AGREGADA--TÍTULO RELACIONADO/ANALÍTICO NO CONTROLADO
Título relacionado o analítico no controlado Antesala.
740 32 - ENTRADA AGREGADA--TÍTULO RELACIONADO/ANALÍTICO NO CONTROLADO
Título relacionado o analítico no controlado La templanza.
740 32 - ENTRADA AGREGADA--TÍTULO RELACIONADO/ANALÍTICO NO CONTROLADO
Título relacionado o analítico no controlado La humildad.
740 32 - ENTRADA AGREGADA--TÍTULO RELACIONADO/ANALÍTICO NO CONTROLADO
Título relacionado o analítico no controlado La castidad.
740 32 - ENTRADA AGREGADA--TÍTULO RELACIONADO/ANALÍTICO NO CONTROLADO
Título relacionado o analítico no controlado La larguez.
740 32 - ENTRADA AGREGADA--TÍTULO RELACIONADO/ANALÍTICO NO CONTROLADO
Título relacionado o analítico no controlado La paciencia.
740 32 - ENTRADA AGREGADA--TÍTULO RELACIONADO/ANALÍTICO NO CONTROLADO
Título relacionado o analítico no controlado La caridad.
740 32 - ENTRADA AGREGADA--TÍTULO RELACIONADO/ANALÍTICO NO CONTROLADO
Título relacionado o analítico no controlado La diligencia.
740 42 - ENTRADA AGREGADA--TÍTULO RELACIONADO/ANALÍTICO NO CONTROLADO
Título relacionado o analítico no controlado Las siete virtudes.
852 4# - LOCALIZACIÓN
Ubicación ES-MaACL
Número de control de estantería E-977
Holdings
Estatus retirado Estado de pérdida Estado de daño No para préstamo Biblioteca de origen Biblioteca actual Ubicación en estantería Fecha de adquisición Fuente de adquisición Total de préstamos Signatura topográfica completa Código de barras Visto por última vez Precio de reemplazo Tipo de ítem Koha
        Biblioteca del Ateneo de Madrid Biblioteca del Ateneo de Madrid Depósito 2 17/01/2008     E-977 1139189 23/02/2023 23/02/2023 Libro impreso